Alkoholische Getränke aus aller Welt von A bis Z - Statistiken

Allgemein
  • Dieses Quiz wurde 1.301 mal gespielt
  • Das Durchschnittsergebnis liegt bei 7 aus 24
Antwortstatistiken
Hint Antwort % Korrekt
J Deutscher Kräuterlikör Jägermeister
85%
O Griechische Anis Spirituose Ouzo
66%
H Berühmte niederländische Biermarke Heineken
62%
A Italienischer Mandellikör Amaretto
58%
T Mexikanische Agaven Spirituose Tequila
57%
B Irischer Likör aus Whiskey & Sahne Baileys
55%
P Rum, Kokosnuss, & Ananas in der Karibik Pina Colada
48%
U Deutscher Magenbitter Underberg
35%
E Deutscher Wein aus angefrohrenen Trauben Eiswein
33%
F Deutsche Weinregion Franken
33%
R Deutsche Bierbrauer Gruppe Radeberger
33%
M Griechischer Branntwein Metaxa
25%
S Slawischer Pflaumenschnapps Sliwowitz
19%
V Hersteller von Eierlikör Verpoorten
19%
C Französischer Apfelbranntwein Calvados
14%
I Stark gehopfte britische Biersorte India Pale Ale
12%
Y Kanadischer Whiskeylikör nach einem Territorium benannt Yukon Jack
12%
K Mexikanischer Kaffeelikör Kahlua
11%
N Englische Biermarke aus der Stadt "upon Tyne" Newcastle Brown Ale
11%
D Rum mit Limettensaft in Kuba Daiquiri
9%
W Verstärkter Wein, mit Gewürzen und Kräutern aromatisiert Wermut
8%
G "Grosser" französicher Likör aus Curaçao und Cognac Grand Marnier
5%
Z Rosé Wein und Weintraubensorte Zinfandel
4%
L Belgische Biersorte oft mit Fruchtsaft gebraut Lambic
1%
Keine übereinstimmenden Quizze gefunden
Verteilung der Resultate
Anzahl Personen mit jedem Resultat
Perzentil nach korrekt beantworteten Fragen
Ihre Resultats-Entwicklung
Sie haben dieses Quiz noch nicht gespielt